000 00394nam a2200169Ia 4500
008 221030s9999 xx 000 0 und d
020 _a0074633104
041 _aEnglish
082 _a105.23
_bBha
100 _aS. K. Bhattacharya
245 0 _aElectrical Machines
_cby S. K. Bhattacharya
250 _a2nd
260 _bTMH
_aNew Delhi
_c2002
300 _a545
650 _aEE
942 _cBK
999 _c8163
_d8163